[Event "ITA-ch U20"]
[Site "Tarvisio"]
[Date "2023.07.02"]
[Round "1"]
[White "Bianchi, Salvatore Matteo"]
[Black "Casadio, Niccolo"]
[Result "0-1"]
[WhiteElo "1462"]
[BlackElo "2100"]
[PlyCount "64"]
[EventDate "2023.07.02"]
[EventType "swiss"]
[EventRounds "9"]
[EventCountry "ITA"]
[SourceTitle "EXT 2024"]
[Source "ChessBase"]
[SourceDate "2023.10.10"]
[SourceVersion "1"]
[SourceVersionDate "2023.10.10"]
[SourceQuality "1"]

1. c4 e6 2. d4 Nf6 3. Nc3 d5 4. Bg5 Be7 5. e3 h6 6. Bh4 0-0 7. Nf3 b6 8. cxd5 Nxd5 9. Bxe7 Qxe7 10. Qb3 Bb7 11. Bc4 Nxc3 12. Qxc3 Nd7 13. Bd3 c5 14. 0-0 cxd4 15. Qxd4 Nc5 16. Bc2 Rad8 17. Qb4 Qf6 18. Bd3 Qe7 19. Bc2 Qf6 20. Bd1 Nd3 21. Qa3 Qxb2 22. Qxb2 Nxb2 23. Be2 Bxf3 24. Bxf3 Rd2 25. Rac1 Na4 26. Rc7 a5 27. Rb7 Rc8 28. Bd1 Nc3 29. Bf3 b5 30. Kh1 Rxa2 31. Rc1 b4 32. Ra7 b3 0-1